Clic Le premier ou la première Quand ? - Statistiques

Statistiques générales
  • Ce quiz a été pris 12 fois
  • Le résultat moyen est 7 sur 50
Statistiques - réponses
Hint Explanation Réponse % Correct
Le premier bikini moderne Par Louis Réard XXe siècle
60%
La première pastille Valda Par Henri Canonne XXe siècle
50%
Le premier aérostat Par les Frères Montgolfier XVIIIe siècle
40%
Les premiers transports urbains en communs Par Blaise Pascal XVIIe siècle
30%
Le premier champagne effervescent Par Dom Pérignon XVIIe siècle
30%
Le premier télégramme Par Claude Chappe XVIIIe siècle
30%
Le premier litre d'eau de Javal Par Claude-Louis Berthollet XVIIIe siècle
30%
Le premier parapluie pliant Par Jean Marius XVIIIe siècle
30%
Les premières palmes à nager Par Louis de Corlieu XXe siècle
30%
La première rustine Par Louis Rustin XXe siècle
30%
Le premier briquet à gaz moderne Par Henry Pingeot XXe siècle
30%
La première école de médecine A Bologne XIIe siècle
20%
La première douche Par François Delabost XIXe siècle
20%
Le premier marteau-pilon Par François Bourdon XIXe siècle
20%
La première peinture à l'huile Par Jan Van Eyck XVe siècle
20%
Le premier bateau de type caravelle Au Portugal XVe siècle
20%
Le premier ascenseur A contrepoids par De Velayer XVIIIe siècle
20%
La première fraise gariguette Par Georgette Risser XXe siècle
20%
Le premier connétable de France Albéric de Montmorency XIe siècle
10%
Le premier parfum moderne L'eau de Hongrie XIVe siècle
10%
La première horloge publique de France A Caen XIVe siècle
10%
Le premier cachet d'aspirine Par Charles Gerhardt XIXe siècle
10%
La première moto Par Louis-Guillaume Perreaux XIXe siècle
10%
La première photographie Par Nicéphore Niepce XIXe siècle
10%
Le premier stéthoscope Par René Laennec XIXe siècle
10%
La première poubelle Par Eugène Poubelle XIXe siècle
10%
Le premier gaz d'éclairage Par Philippe Lebon XIXe siècle
10%
Le premier soutien-gorge Par Herminie Cadolle XIXe siècle
10%
La première clémentine Par Vital Rodier XIXe siècle
10%
Le premier sécateur Par Antoine de Molleville XIXe siècle
10%
La première ligature de vaisseaux sanguins Par Ambroise Paré XVIe siècle
10%
Le premier roi de la dynastie des Bourbons Henri IV XVIe siècle
10%
Le premier autocuiseur Par Denis Papin XVIIe siècle
10%
La première baïonnette XVIIe siècle
10%
Le premier dictionnaire de français Par Pierre Richelet XVIIe siècle
10%
Le premier mètre étalon XVIIIe siècle
10%
La première sauce mayonnaise XVIIIe siècle
10%
Le premier bateau à vapeur Par Denis Papin XVIIIe siècle
10%
Le premier croque-monsieur A Paris XXe siècle
10%
La première voute d'ogive XIIe siècle
0%
Le premier rouet XIIIe siècle
0%
Le premier usage des chiffres arabes en Europe Dans le Liber abaci XIIIe siècle
0%
Le premier roi "de France" Philippe Auguste XIIIe siècle
0%
La première partie de golf En Hollande XIIIe siècle
0%
Les premières lunettes pour presbytes A Venise XIIIe siècle
0%
Le premier taille-crayon Par Bernard Lassimone XIXe siècle
0%
Le premier pain de margarine Par Hippolyte Mège-Mouriès XIXe siècle
0%
La première brosse à dent En Chine XVe siècle
0%
La première table de billard Par Louis XI XVe siècle
0%
La première machine à calcule Par Blaise Pascal XVIIe siècle
0%
Aucun quiz correspondant
Distribution des résultats
% des personnes avec chaque résultat
Percentile par nombre de réponses
Votre historique - résultats
Vous n’avez pas pris ce quiz